Poľsko-slovenský a slovensko-poľský slovník

Bibliographic Details
Main Authors: Stano, Mikuláš, 1903-1962 (Author), Buffa, Ferdinand, 1926-2012 (Author)
Format: Book
Language:Slovak
Polish
PhysicalDescription:861 strán 21 cm
Published: Bratislava Slovenské pedagogické nakladateľstvo 1975
Edition:1. vyd.
Subjects:

MARC

LEADER 00000cam a2200000 a 4500
001 vtls001265482
003 SK-MaSNL
005 20260301234549.0
008 240226s1975 xo grd 000 0 slo
015 |a SNBA1975 
020 |q (viazané) 
035 |a SNK000216411 
035 |a 863F7BE5-2382-4C66-8177-3B701CE01DA5 
035 |a urn:nbn:sk:snk-am00ikhi 
040 |a SNK  |b slo  |c SNK  |e AACR2 
041 0 |a slo  |a pol 
044 |a xo  |c SK 
072 7 |a 81  |x Lingvistika. Jazyky  |2 konspekt 
080 |a 811.162.1  |2 2011 
080 |a 811.162.4  |2 2011 
080 |a (038)81  |2 2011 
100 1 |a Stano, Mikuláš,  |d 1903-1962  |4 aut  |9 158147 
245 1 0 |a Poľsko-slovenský a slovensko-poľský slovník  |c Mikuláš Stano a Ferdinand Buffa 
250 |a 1. vyd. 
260 |a Bratislava  |b Slovenské pedagogické nakladateľstvo  |c 1975  |e Martin  |f Tlačiarne SNP 
300 |a 861 strán  |c 21 cm 
366 |e 4150 výtl. 
650 0 7 |a poľština  |2 SNKPH  |9 1349 
650 0 7 |a slovenčina  |2 SNKPH  |9 1350 
655 7 |a dvojjazyčné prekladové slovníky  |2 SNKPH  |9 70744 
700 1 |a Buffa, Ferdinand,  |d 1926-2012  |4 aut  |9 99943 
852 |a Slovenská národná knižnica 
958 |a OND 
958 |a EUIPO 
999 |c 970667  |d 972597 
952 |a SNK  |b SNK  |y PREZ  |7 0  |p 17A0559195  |o snkSC 35574  |i snkKSP 1387/75  |0 0  |1 0  |4 0  |d 2007-08-16  |f 1  |l 0  |r 2025-10-03 00:00:00  |w 2026-02-24 
952 |a SNK  |b SNK  |y VYP  |7 0  |p 17A1021165  |o snkSC 35574 D11  |i snkK 891/75  |8 3  |0 0  |1 0  |4 0  |d 2012-12-27  |l 0  |r 2026-02-24 10:49:50  |w 2026-02-24 
952 |a SNK  |b SNK  |y VYP  |7 0  |p 17A0018357  |o snkSC 35574 D6  |0 0  |1 0  |4 0  |d 1996-11-07  |l 0  |r 2005-01-01 00:00:00  |w 2026-02-24 
952 |t P60, <04>, [BOOK], {604}  |a SNK  |b SNK  |y VYP  |7 0  |p 17A0009883  |o snkSC 35574 D1  |i snkKSP 1388/75  |0 0  |1 0  |4 0  |d 1996-11-08  |l 0  |r 2005-01-01 00:00:00  |w 2026-02-24 
952 |a SNK  |b SNK  |y VYP  |7 0  |p 17A0225110  |o snkSC 35574 D7  |0 0  |1 0  |4 0  |d 2000-01-20  |l 0  |r 2005-01-01 00:00:00  |w 2026-02-24 
952 |a SNK  |b SNK  |y VYP  |7 0  |p 17A0248283  |o snkSC 35574 D8  |0 0  |1 0  |4 0  |d 2000-08-22  |l 0  |r 2005-01-01 00:00:00  |w 2026-02-24